[Event "Toronto-B2"]
[Site "Toronto"]
[Date "2009.01.27"]
[Round "1"]
[White "Chichkina, Olya"]
[Black "Florea, Alexandru"]
[Result "1/2-1/2"]
[WhiteElo "1909"]
[BlackElo "1885"]
[PlyCount "102"]
[GameId "2160767910264981"]
[EventDate "2009.01.27"]
[EventType "tourn"]
[EventRounds "9"]
[EventCountry "CAN"]
[SourceTitle "EXT 2011"]
[Source "ChessBase"]
[SourceDate "2011.11.26"]
[SourceVersion "1"]
[SourceVersionDate "2011.11.26"]
[SourceQuality "1"]

1. e4 c5 2. Nf3 d6 3. d4 cxd4 4. Nxd4 Nf6 5. Nc3 g6 6. Bc4 Bg7 7. O-O O-O 8. Bb3 a6 9. f3 b5 10. Be3 Bb7 11. Qd2 Nbd7 12. a3 Rc8 13. Rac1 Qc7 14. Kh1 Nc5 15. Ba2 Rfd8 16. Bh6 d5 17. Bxg7 Kxg7 18. exd5 Nxd5 19. b4 Ne6 20. Nxd5 Bxd5 21. Bxd5 Rxd5 22. Nxe6+ fxe6 23. Qe3 Re5 24. Qd4 Qd6 25. Qb2 Kf7 26. Rfe1 Rxe1+ 27. Rxe1 Qd5 28. c3 Qd3 29. Rc1 Rc4 30. h3 Kg8 31. Kg1 e5 32. Qc2 Qxc2 33. Rxc2 Kf7 34. Kf2 Kf6 35. Ke3 h5 36. Kd3 Kf5 37. Re2 Rc8 38. Re4 Rd8+ 39. Kc2 g5 40. c4 Ke6 41. c5 Kd5 42. Kd3 Ke6+ 43. Ke2 Kf6 44. Re3 Rc8 45. Rd3 Ke6 46. Ke3 Rf8 47. g3 h4 48. g4 Rc8 49. Rc3 Kd5 50. Rd3+ Ke6 51. Ke4 Rf8 1/2-1/2

[Event "Toronto-B2"]
[Site "Toronto"]
[Date "2009.01.27"]
[Round "1"]
[White "Kleinman, Michael"]
[Black "Stein, Mickey"]
[Result "0-1"]
[WhiteElo "2032"]
[BlackElo "1957"]
[PlyCount "70"]
[GameId "2160767910264982"]
[EventDate "2009.01.27"]
[EventType "tourn"]
[EventRounds "9"]
[EventCountry "CAN"]
[SourceTitle "EXT 2011"]
[Source "ChessBase"]
[SourceDate "2011.11.26"]
[SourceVersion "1"]
[SourceVersionDate "2011.11.26"]
[SourceQuality "1"]

1. e4 c5 2. Nc3 Nc6 3. Bb5 g6 4. Bxc6 dxc6 5. d3 Bg7 6. Be3 b6 7. Qd2 e5 8. Nge2 Nf6 9. h3 Be6 10. O-O O-O 11. Rad1 Nd7 12. Bh6 Qe7 13. Ng3 Rfd8 14. Nce2 b5 15. b3 Nb6 16. Bxg7 Kxg7 17. f4 exf4 18. Nxf4 Rf8 19. Nfh5+ gxh5 20. Nxh5+ Kh8 21. Nf6 Rg8 22. Qh6 Rg7 23. Rf4 Nd7 24. e5 Nxe5 25. Rh4 Nf3+ 26. Kh1 Nxh4 27. Qxh4 Qd6 28. Ne4 Qd5 29. c4 Qf5 30. Rd2 Rag8 31. Rf2 Rxg2 32. Ng5 Rxf2 33. Qg3 Rxg5 34. Qb8+ Rg8 35. Qe5+ Qxe5 0-1

[Event "Toronto-B2"]
[Site "Toronto"]
[Date "2009.01.27"]
[Round "1"]
[White "Orlova, Yelizaveta"]
[Black "Tseluiko, Oleg"]
[Result "0-1"]
[WhiteElo "1993"]
[BlackElo "1949"]
[PlyCount "86"]
[GameId "2160767910264983"]
[EventDate "2009.01.27"]
[EventType "tourn"]
[EventRounds "9"]
[EventCountry "CAN"]
[SourceTitle "EXT 2011"]
[Source "ChessBase"]
[SourceDate "2011.11.26"]
[SourceVersion "1"]
[SourceVersionDate "2011.11.26"]
[SourceQuality "1"]

1. d4 Nf6 2. g3 d6 3. Bg2 g6 4. c4 Bg7 5. Nc3 O-O 6. Nf3 Nbd7 7. O-O e5 8. dxe5 dxe5 9. Qc2 c6 10. Rd1 Qc7 11. b3 Re8 12. Ba3 Bf8 13. Bxf8 Nxf8 14. c5 Bf5 15. e4 Be6 16. Rd6 N6d7 17. Na4 Rad8 18. Rad1 Bg4 19. Qd2 Rb8 20. h3 Be6 21. Ng5 b5 22. cxb6 Nxb6 23. Nc5 Bd5 24. exd5 Qxd6 25. Nge4 Qd8 26. dxc6 Qxd2 27. Nf6+ Kh8 28. Rxd2 Rbd8 29. Nxe8 Rxd2 30. c7 f5 31. Na4 Nfd7 32. Bb7 Rc2 33. Nxb6 Nxb6 34. a4 a5 35. Ba6 Rc5 36. Bb5 Nd5 37. Nd6 Nxc7 38. Nb7 Rc1+ 39. Kg2 Nxb5 40. axb5 Rc7 41. Nxa5 Rc5 42. Nc6 Rxb5 43. b4 Kg7 0-1

[Event "Toronto-B2"]
[Site "Toronto"]
[Date "2009.02.03"]
[Round "2"]
[White "Chichkina, Olya"]
[Black "Stein, Mickey"]
[Result "1-0"]
[WhiteElo "1909"]
[BlackElo "1957"]
[PlyCount "65"]
[GameId "2160767910264984"]
[EventDate "2009.01.27"]
[EventType "tourn"]
[EventRounds "9"]
[EventCountry "CAN"]
[SourceTitle "EXT 2011"]
[Source "ChessBase"]
[SourceDate "2011.11.26"]
[SourceVersion "1"]
[SourceVersionDate "2011.11.26"]
[SourceQuality "1"]

1. e4 e6 2. d4 d5 3. e5 c5 4. c3 Qb6 5. f4 Nh6 6. Nf3 Nc6 7. b3 cxd4 8. cxd4 Nf5 9. Bb2 Bd7 10. Kf2 Be7 11. g4 Nh6 12. h3 f6 13. Kg2 fxe5 14. fxe5 O-O 15. Na3 Rf7 16. Nc2 Raf8 17. Be2 Nb4 18. Nxb4 Bxb4 19. Qd3 a6 20. Rhf1 Bb5 21. Qe3 Rf4 22. g5 Re4 23. Qc1 Rxe2+ 24. Kg1 Nf5 25. a4 Bd7 26. Rb1 Ng3 27. Qd1 Rxf3 28. Rxf3 Re1+ 29. Qxe1 Bxe1 30. Rxe1 Nf5 31. Rd1 Bxa4 32. Ba3 Nxd4 33. Rf8# 1-0

[Event "Toronto-B2"]
[Site "Toronto"]
[Date "2009.02.03"]
[Round "2"]
[White "Ferreira, Alex"]
[Black "Cheron, Anthony"]
[Result "0-1"]
[WhiteElo "2062"]
[BlackElo "1975"]
[PlyCount "130"]
[GameId "2160767910264985"]
[EventDate "2009.01.27"]
[EventType "tourn"]
[EventRounds "9"]
[EventCountry "CAN"]
[SourceTitle "EXT 2011"]
[Source "ChessBase"]
[SourceDate "2011.11.26"]
[SourceVersion "1"]
[SourceVersionDate "2011.11.26"]
[SourceQuality "1"]

1. e4 d6 2. Bc4 e5 3. Nc3 c6 4. d4 Qf6 5. Nge2 g6 6. O-O g5 7. Be3 h5 8. Qd2 Bh6 9. Rad1 g4 10. f4 gxf3 11. Rxf3 Bxe3+ 12. Qxe3 Qh6 13. Bxf7+ Ke7 14. Qxh6 Nxh6 15. Bxh5 Be6 16. Rdf1 Nd7 17. R3f2 Bc4 18. dxe5 dxe5 19. b3 Be6 20. Ng3 Raf8 21. Be2 Rxf2 22. Rxf2 b5 23. Nd1 Nf6 24. Ne3 Ne8 25. Ngf5+ Bxf5 26. exf5 Nf6 27. g4 Nf7 28. Bf3 Rh3 29. Nd1 Kd6 30. Kg2 Ng5 31. Rd2+ Kc7 32. Be2 Nd5 33. Nf2 Nf4+ 34. Kg1 Re3 35. Kf1 e4 36. Nd1 Rh3 37. c4 Rxh2 38. cxb5 Ngh3 39. Ke1 Rh1+ 40. Bf1 Nd3+ 41. Rxd3 exd3 42. bxc6 d2+ 43. Ke2 Nf4+ 44. Kf2 Kxc6 45. f6 Kd6 46. Ne3 Ke6 47. g5 Kf7 48. b4 Nh3+ 49. Ke2 Rh2+ 50. Kd1 Nxg5 51. Be2 Ne4 52. Nd5 Rh1+ 53. Kc2 Re1 54. Bh5+ Kf8 55. Nc3 Rc1+ 56. Kd3 Rxc3+ 57. Kxe4 Ra3 58. Kd5 Rxa2 59. Kc6 Ra1 60. Kb7 Rh1 61. Be2 Re1 62. Bg4 Re4 63. Bh5 Rxb4+ 64. Kxa7 Rf4 65. Kb6 Rxf6+ 0-1

[Event "Toronto-B2"]
[Site "Toronto"]
[Date "2009.02.03"]
[Round "2"]
[White "Florea, Alexandru"]
[Black "Orlova, Yelizaveta"]
[Result "1-0"]
[WhiteElo "1885"]
[BlackElo "1993"]
[PlyCount "69"]
[GameId "2160767910264986"]
[EventDate "2009.01.27"]
[EventType "tourn"]
[EventRounds "9"]
[EventCountry "CAN"]
[SourceTitle "EXT 2011"]
[Source "ChessBase"]
[SourceDate "2011.11.26"]
[SourceVersion "1"]
[SourceVersionDate "2011.11.26"]
[SourceQuality "1"]

1. e4 c5 2. f4 g6 3. Nf3 Bg7 4. g3 Nc6 5. Bg2 d6 6. O-O Nf6 7. Nc3 O-O 8. d3 Bg4 9. h3 Bxf3 10. Bxf3 Ne8 11. Be3 Nc7 12. a4 Ne6 13. g4 Rc8 14. f5 Ned4 15. Bg2 Qb6 16. Rb1 Nb4 17. Rf2 c4 18. Nb5 cxd3 19. c3 Nbc2 20. Bxd4 Nxd4 21. Nxd4 Bxd4 22. cxd4 Qxd4 23. Kf1 d5 24. exd5 Rc4 25. Rf3 Rfc8 26. Rxd3 Qf4+ 27. Rf3 Qg5 28. Rc3 Qf4+ 29. Qf3 Qg5 30. Kg1 Qd2 31. Rxc4 Rxc4 32. fxg6 hxg6 33. Rf1 f6 34. d6 Qd4+ 35. Kh1 1-0

[Event "Toronto-B2"]
[Site "Toronto"]
[Date "2009.02.03"]
[Round "2"]
[White "Kenanu, Dariush"]
[Black "Kleinman, Michael"]
[Result "0-1"]
[WhiteElo "1894"]
[BlackElo "2032"]
[PlyCount "116"]
[GameId "2160767910264987"]
[EventDate "2009.01.27"]
[EventType "tourn"]
[EventRounds "9"]
[EventCountry "CAN"]
[SourceTitle "EXT 2011"]
[Source "ChessBase"]
[SourceDate "2011.11.26"]
[SourceVersion "1"]
[SourceVersionDate "2011.11.26"]
[SourceQuality "1"]

1. c4 Nf6 2. d4 g6 3. Nc3 d5 4. e3 Bg7 5. Nf3 O-O 6. cxd5 Nxd5 7. Be2 c5 8. e4 Nxc3 9. bxc3 Nc6 10. Be3 Bg4 11. e5 Qa5 12. O-O Rfd8 13. Qb3 Rab8 14. Rad1 cxd4 15. cxd4 Qb4 16. Qxb4 Nxb4 17. Bg5 Nxa2 18. Bc4 Nc3 19. Rc1 Nd5 20. Rfd1 Bf8 21. Bh4 Nf4 22. Bg3 Bh6 23. Ra1 b5 24. Bxf4 Bxf4 25. Bb3 Rb7 26. Rd3 e6 27. h3 Bxf3 28. gxf3 Bxe5 29. Rad1 Rbd7 30. d5 exd5 31. Bxd5 Kg7 32. Be4 Bd4 33. Kg2 Rd6 34. Rb1 a6 35. f4 f5 36. Bb7 Rb6 37. Bf3 b4 38. Rbd1 Rbd6 39. Rc1 Bc3 40. Rxd6 Rxd6 41. Rd1 Bd2 42. Be2 a5 43. Bc4 Bxf4 44. Rxd6 Bxd6 45. Bb3 Kf6 46. Kf3 Ke5 47. Ke3 Bc5+ 48. Ke2 g5 49. f3 Kd4 50. Kd2 Bd6 51. Ba4 Bf4+ 52. Kc2 Ke3 53. Bd7 Kxf3 54. Bxf5 h5 55. Kb3 g4 56. hxg4 hxg4 57. Bd7 g3 58. Bc6+ Kf2 0-1

[Event "Toronto-B2"]
[Site "Toronto"]
[Date "2009.02.03"]
[Round "2"]
[White "Tseluiko, Oleg"]
[Black "Armstrong, Robert J"]
[Result "1-0"]
[WhiteElo "1949"]
[BlackElo "1827"]
[PlyCount "81"]
[GameId "2160767910264988"]
[EventDate "2009.01.27"]
[EventType "tourn"]
[EventRounds "9"]
[EventCountry "CAN"]
[SourceTitle "EXT 2011"]
[Source "ChessBase"]
[SourceDate "2011.11.26"]
[SourceVersion "1"]
[SourceVersionDate "2011.11.26"]
[SourceQuality "1"]

1. e4 g6 2. d4 Bg7 3. Be3 d6 4. Qd2 Nf6 5. f3 O-O 6. Bh6 Re8 7. Bxg7 Kxg7 8. g4 c5 9. h4 h5 10. gxh5 Nxh5 11. Ne2 e5 12. d5 b5 13. Bg2 Na6 14. Na3 Bd7 15. b3 Rb8 16. c4 bxc4 17. Nxc4 Bb5 18. Rc1 Bxc4 19. Rxc4 Rb4 20. Kf2 Qc7 21. Ng3 Nf4 22. h5 Rh8 23. hxg6 fxg6 24. Rxh8 Kxh8 25. Ne2 g5 26. Rc1 Rb8 27. Rh1+ Kg7 28. Ng3 Nb4 29. Nf5+ Kg8 30. Bf1 Qa5 31. Kg3 Qxa2 32. Qxa2 Nxa2 33. Nxd6 Rxb3 34. Bc4 Rb2 35. Kg4 Nc3 36. Kxg5 Rg2+ 37. Kf5 Ng6 38. Kf6 a5 39. Nf5 Kf8 40. d6 Ke8 41. Bf7+ 1-0

[Event "Toronto-B2"]
[Site "Toronto"]
[Date "2009.02.10"]
[Round "3"]
[White "Armstrong, Robert J"]
[Black "Florea, Alexandru"]
[Result "0-1"]
[WhiteElo "1827"]
[BlackElo "1885"]
[PlyCount "50"]
[GameId "2160767910264989"]
[EventDate "2009.01.27"]
[EventType "tourn"]
[EventRounds "9"]
[EventCountry "CAN"]
[SourceTitle "EXT 2011"]
[Source "ChessBase"]
[SourceDate "2011.11.26"]
[SourceVersion "1"]
[SourceVersionDate "2011.11.26"]
[SourceQuality "1"]

1. d4 Nf6 2. c4 e6 3. Nf3 d5 4. e3 Bd6 5. Bd3 O-O 6. O-O b6 7. Nc3 Bb7 8. b3 dxc4 9. Bxc4 c5 10. Nb5 Nc6 11. Nxd6 Qxd6 12. Ba3 Nb4 13. Bb2 Ng4 14. g3 Qc6 15. Be2 Rad8 16. a3 Nd5 17. Rc1 Ndf6 18. Qc2 Ne4 19. b4 Ng5 20. d5 Qxd5 21. e4 Nxe4 22. Rcd1 Qh5 23. h4 Qf5 24. bxc5 Nxg3 25. Qxf5 Nxe2+ 0-1

[Event "Toronto-B2"]
[Site "Toronto"]
[Date "2009.02.10"]
[Round "3"]
[White "Cheron, Anthony"]
[Black "Tseluiko, Oleg"]
[Result "1-0"]
[WhiteElo "1975"]
[BlackElo "1949"]
[PlyCount "145"]
[GameId "2160767910264990"]
[EventDate "2009.01.27"]
[EventType "tourn"]
[EventRounds "9"]
[EventCountry "CAN"]
[SourceTitle "EXT 2011"]
[Source "ChessBase"]
[SourceDate "2011.11.26"]
[SourceVersion "1"]
[SourceVersionDate "2011.11.26"]
[SourceQuality "1"]

1. d3 d5 2. e4 dxe4 3. dxe4 Qxd1+ 4. Kxd1 Nf6 5. f3 Nc6 6. c3 e5 7. g3 Be7 8. Bh3 Bxh3 9. Nxh3 O-O-O+ 10. Ke2 h6 11. Be3 Rd7 12. Nd2 Rhd8 13. Rad1 g5 14. Nf2 Rg8 15. g4 Rdd8 16. b4 a6 17. Nc4 Rxd1 18. Kxd1 b6 19. Nd3 Nd7 20. Bf2 b5 21. Ne3 a5 22. a3 axb4 23. axb4 Kb7 24. Kc2 Ra8 25. Nf5 Ra2+ 26. Nb2 Bf8 27. Kb3 Ra8 28. Nd3 Ne7 29. Ng3 Ng6 30. Nf5 Ne7 31. Kb2 Nxf5 32. gxf5 Be7 33. Ra1 Rxa1 34. Kxa1 h5 35. h3 Bd6 36. Be3 f6 37. Kb2 Nb6 38. Bxb6 Kxb6 39. Kb3 c5 40. bxc5+ Bxc5 41. c4 Be7 42. Kc3 bxc4 43. Kxc4 Kc6 44. Ne1 Bf8 45. Nc2 Bc5 46. Na1 Be7 47. Nb3 Bd8 48. Nc5 Be7 49. Ne6 Ba3 50. Ng7 h4 51. Kb3 Bf8 52. Ne6 Be7 53. Ka4 Kb6 54. Kb3 Kc6 55. Kc4 Ba3 56. Nd8+ Kc7 57. Nf7 Kc6 58. Nh6 Be7 59. Ng4 Kd6 60. Kb5 Kd7 61. Kb6 Ke8 62. Kc6 Kf7 63. Ne3 Ba3 64. Kd7 Bf8 65. Nd5 Bc5 66. Nc7 Bb6 67. Na6 Ba5 68. Nc5 Bb4 69. Nb7 Be7 70. Nd6+ Kf8 71. Ke6 Bd8 72. Nc4 Kg7 73. Kd7 1-0

[Event "Toronto-B2"]
[Site "Toronto"]
[Date "2009.02.10"]
[Round "3"]
[White "Kleinman, Michael"]
[Black "Ferreira, Alex"]
[Result "1-0"]
[WhiteElo "2032"]
[BlackElo "2062"]
[PlyCount "25"]
[GameId "2160767910264991"]
[EventDate "2009.01.27"]
[EventType "tourn"]
[EventRounds "9"]
[EventCountry "CAN"]
[SourceTitle "EXT 2011"]
[Source "ChessBase"]
[SourceDate "2011.11.26"]
[SourceVersion "1"]
[SourceVersionDate "2011.11.26"]
[SourceQuality "1"]

1. e4 c5 2. Nc3 e6 3. Nf3 d5 4. exd5 exd5 5. Bb5+ Nc6 6. Ne5 Qd6 7. O-O Be6 8. Re1 Be7 9. d3 d4 10. Qf3 dxc3 11. Nxc6 Bd5 12. Nxe7+ Kf8 13. Nxd5 1-0

[Event "Toronto-B2"]
[Site "Toronto"]
[Date "2009.02.10"]
[Round "3"]
[White "Orlova, Yelizaveta"]
[Black "Chichkina, Olya"]
[Result "1-0"]
[WhiteElo "1993"]
[BlackElo "1909"]
[PlyCount "94"]
[GameId "2160767910264992"]
[EventDate "2009.01.27"]
[EventType "tourn"]
[EventRounds "9"]
[EventCountry "CAN"]
[SourceTitle "EXT 2011"]
[Source "ChessBase"]
[SourceDate "2011.11.26"]
[SourceVersion "1"]
[SourceVersionDate "2011.11.26"]
[SourceQuality "1"]

1. d4 f5 2. Nf3 Nf6 3. c4 g6 4. Nc3 Bg7 5. g3 d6 6. Bg2 O-O 7. Qc2 Qe8 8. d5 a5 9. h4 Na6 10. Bg5 Nc5 11. Qc1 e5 12. Bh6 e4 13. Nd4 Ng4 14. Bxg7 Kxg7 15. h5 e3 16. fxe3 Nxe3 17. Ne6+ Bxe6 18. Qxe3 Bd7 19. Qg5 Nd3+ 20. Kd2 Nxb2 21. Rh4 f4 22. h6+ Kg8 23. Rxf4 Rxf4 24. Qxf4 Qe5 25. Qxe5 dxe5 26. Ne4 Nxc4+ 27. Kc3 Nb6 28. Nf6+ Kh8 29. g4 Bb5 30. Rb1 Bxe2 31. Re1 Bb5 32. Rxe5 Nd7 33. Nxd7 Bxd7 34. Re7 Bxg4 35. Rxc7 Rc8 36. Rxc8+ Bxc8 37. d6 Kg8 38. Bxb7 Bd7 39. Bd5+ Kf8 40. Kd4 a4 41. Ke5 a3 42. Kf6 Ke8 43. Bf7+ Kd8 44. Bxg6 hxg6 45. h7 Bf5 46. h8=Q+ Kd7 47. Qf8 Bb1 1-0

[Event "Toronto-B2"]
[Site "Toronto"]
[Date "2009.02.10"]
[Round "3"]
[White "Stein, Mickey"]
[Black "Kenanu, Dariush"]
[Result "1/2-1/2"]
[WhiteElo "1957"]
[BlackElo "1894"]
[PlyCount "130"]
[GameId "2160767910264993"]
[EventDate "2009.01.27"]
[EventType "tourn"]
[EventRounds "9"]
[EventCountry "CAN"]
[SourceTitle "EXT 2011"]
[Source "ChessBase"]
[SourceDate "2011.11.26"]
[SourceVersion "1"]
[SourceVersionDate "2011.11.26"]
[SourceQuality "1"]

1. d4 d5 2. c4 e6 3. Nc3 c5 4. cxd5 exd5 5. Nf3 Nc6 6. g3 Nf6 7. Bg2 Bg4 8. Be3 c4 9. O-O Be7 10. Ne5 Be6 11. Nxc6 bxc6 12. Bg5 O-O 13. e3 h6 14. Bxf6 Bxf6 15. Na4 Be7 16. b3 cxb3 17. axb3 Rb8 18. Qc2 Qd7 19. Nc5 Bxc5 20. Qxc5 Rb6 21. Rfc1 Rfb8 22. h4 Bf5 23. Ra3 Bd3 24. Rca1 R8b7 25. b4 Bc4 26. Ra5 a6 27. b5 Rxb5 28. Rxb5 Rxb5 29. Qa3 Qb7 30. Qd6 Rb1+ 31. Rxb1 Qxb1+ 32. Kh2 Qg6 33. Qc5 Bb5 34. Qb6 Qf6 35. Kg1 Qf5 36. Qd8+ Kh7 37. Qe7 a5 38. e4 Qe6 39. Qa3 dxe4 40. Qxa5 e3 41. d5 exf2+ 42. Kxf2 Qe2+ 43. Kg1 cxd5 44. Qc3 Bc4 45. Qd4 Qe6 46. Kh2 g6 47. Qf4 Qf5 48. Qd4 h5 49. Bh3 Qc2+ 50. Bg2 Bf1 51. Qxd5 Qxg2+ 52. Qxg2 Bxg2 53. Kxg2 g5 54. Kf3 g4+ 55. Kf4 Kg6 56. Ke5 f6+ 57. Ke6 Kg7 58. Kd5 Kf7 59. Kd6 Kg7 60. Kd5 Kf7 61. Kd6 Kg8 62. Kd5 Kg7 63. Ke4 Kg6 64. Kf4 Kh6 65. Kf5 Kg7 1/2-1/2

[Event "Toronto-B2"]
[Site "Toronto"]
[Date "2009.02.17"]
[Round "4"]
[White "Chichkina, Olya"]
[Black "Kenanu, Dariush"]
[Result "1-0"]
[WhiteElo "1909"]
[BlackElo "1894"]
[PlyCount "103"]
[GameId "2160767910264994"]
[EventDate "2009.01.27"]
[EventType "tourn"]
[EventRounds "9"]
[EventCountry "CAN"]
[SourceTitle "EXT 2011"]
[Source "ChessBase"]
[SourceDate "2011.11.26"]
[SourceVersion "1"]
[SourceVersionDate "2011.11.26"]
[SourceQuality "1"]

1. e4 Nc6 2. Nf3 e6 3. d4 d5 4. e5 Nge7 5. Bd3 Ng6 6. c3 Bd7 7. O-O f5 8. exf6 Qxf6 9. Bg5 Qf7 10. Qc2 Bd6 11. Bxg6 hxg6 12. Nh4 Ne7 13. g3 Nf5 14. Ng2 Rh5 15. f4 Ne7 16. Nh4 Nf5 17. Ng2 Ne7 18. Nd2 O-O-O 19. Nf3 Rdh8 20. Rae1 Bb5 21. Rf2 Ng8 22. Ngh4 Be8 23. Ne5 Bxe5 24. Rxe5 Nf6 25. c4 Ng4 26. cxd5 Nxe5 27. fxe5 Qd7 28. Nxg6 Bxg6 29. Qxg6 Qxd5 30. Qxg7 b6 31. Be3 Qxa2 32. Rf8+ Rxf8 33. Qxf8+ Kb7 34. Qf3+ c6 35. Qxh5 Qb1+ 36. Kf2 Qxb2+ 37. Kf3 Qb3 38. Qf7+ Ka6 39. h4 Qd5+ 40. Kf2 Qa2+ 41. Kf3 Qd5+ 42. Kg4 Qe4+ 43. Qf4 Qg6+ 44. Kh3 Qb1 45. Qf3 Kb5 46. h5 a5 47. Qe2+ Kb4 48. Qd2+ Ka3 49. Qc3+ Ka2 50. h6 a4 51. Bc1 Qf5+ 52. g4 1-0

[Event "Toronto-B2"]
[Site "Toronto"]
[Date "2009.02.17"]
[Round "4"]
[White "Ferreira, Alex"]
[Black "Stein, Mickey"]
[Result "1-0"]
[WhiteElo "2062"]
[BlackElo "1957"]
[PlyCount "81"]
[GameId "2160767910264995"]
[EventDate "2009.01.27"]
[EventType "tourn"]
[EventRounds "9"]
[EventCountry "CAN"]
[SourceTitle "EXT 2011"]
[Source "ChessBase"]
[SourceDate "2011.11.26"]
[SourceVersion "1"]
[SourceVersionDate "2011.11.26"]
[SourceQuality "1"]

1. e4 c5 2. Nf3 Nc6 3. d4 cxd4 4. Nxd4 g6 5. Nxc6 bxc6 6. Qd4 Nf6 7. e5 Nd5 8. c4 Nc7 9. e6 f6 10. exd7+ Bxd7 11. Nc3 Bg7 12. h4 O-O 13. h5 f5 14. Qh4 e5 15. Bg5 Qe8 16. Be2 h6 17. hxg6 Qxg6 18. Bxh6 Qxh6 19. Qxh6 Bxh6 20. Rxh6 Ne6 21. O-O-O Kg7 22. Rh3 Nd4 23. Rdh1 Rh8 24. f4 Rxh3 25. Rxh3 e4 26. Rg3+ Kf6 27. Bh5 Be8 28. Rg8 Ke7 29. g4 Rd8 30. Bxe8 Rxe8 31. Rxe8+ Kxe8 32. gxf5 e3 33. f6 Ne6 34. Ne2 Kf7 35. Kc2 Kxf6 36. Kd3 Kf5 37. Kxe3 c5 38. Ng3+ Kg4 39. Ne4 a5 40. b3 Kf5 41. Nd6+ 1-0

[Event "Toronto-B2"]
[Site "Toronto"]
[Date "2009.02.17"]
[Round "4"]
[White "Florea, Alexandru"]
[Black "Cheron, Anthony"]
[Result "1-0"]
[WhiteElo "1885"]
[BlackElo "1975"]
[PlyCount "163"]
[GameId "2160767910264996"]
[EventDate "2009.01.27"]
[EventType "tourn"]
[EventRounds "9"]
[EventCountry "CAN"]
[SourceTitle "EXT 2011"]
[Source "ChessBase"]
[SourceDate "2011.11.26"]
[SourceVersion "1"]
[SourceVersionDate "2011.11.26"]
[SourceQuality "1"]

1. e4 d6 2. d4 e5 3. dxe5 dxe5 4. Qxd8+ Kxd8 5. Be3 Nd7 6. Bc4 Ke7 7. Nc3 c6 8. Nf3 f6 9. O-O-O g6 10. Rd2 Bh6 11. Bxh6 Nxh6 12. Rhd1 Nb6 13. Bb3 a5 14. a4 Bg4 15. Rd3 Rad8 16. Rxd8 Rxd8 17. Rxd8 Kxd8 18. Ne1 Ke7 19. Nd3 Bc8 20. Kd2 Kd6 21. f3 Nd7 22. Ke3 b6 23. h4 Ba6 24. g4 Bxd3 25. cxd3 g5 26. hxg5 fxg5 27. d4 exd4+ 28. Kxd4 Ne5 29. Bd1 Nhf7 30. Na2 Nd8 31. Nc1 Ne6+ 32. Kc3 Nc5 33. Kd4 b5 34. b3 Ne6+ 35. Kc3 b4+ 36. Kd2 Nf4 37. Ke3 c5 38. Ne2 Nxe2 39. Bxe2 Ng6 40. Bc4 Ke5 41. Bg8 h6 42. Bd5 Nf4 43. Bg8 h5 44. gxh5 Nxh5 45. Bf7 Nf6 46. Bc4 Ne8 47. Bf7 Nd6 48. Bg8 Kf6 49. Bd5 Ke5 50. Bg8 Nc8 51. Bd5 Nb6 52. Bf7 Nd7 53. Bd5 Nf6 54. Bc4 Nh5 55. Bf7 Nf6 56. Bc4 Nh5 57. Bf7 Nf4 58. Bg8 Kd6 59. Bc4 Ng2+ 60. Kf2 Nh4 61. Ke3 Ke5 62. Bf7 Ng2+ 63. Kf2 Nf4 64. Ke3 Kf6 65. Bg8 Ng6 66. Bd5 Ne5 67. Bg8 Ke7 68. Bd5 Nd7 69. Kd3 Nb6 70. Bg8 Kd6 71. Ke3 Nd7 72. Bf7 Ke7 73. Bd5 Kf6 74. Bc4 Ne5 75. Bd5 c4 76. Bxc4 g4 77. fxg4 Nxg4+ 78. Kd4 Ne5 79. Kc5 Ke7 80. Kb5 Kd6 81. Bd5 Nd7 82. Kxa5 1-0

[Event "Toronto-B2"]
[Site "Toronto"]
[Date "2009.02.17"]
[Round "4"]
[White "Orlova, Yelizaveta"]
[Black "Armstrong, Robert J"]
[Result "1-0"]
[WhiteElo "1993"]
[BlackElo "1827"]
[PlyCount "59"]
[GameId "2160767910264997"]
[EventDate "2009.01.27"]
[EventType "tourn"]
[EventRounds "9"]
[EventCountry "CAN"]
[SourceTitle "EXT 2011"]
[Source "ChessBase"]
[SourceDate "2011.11.26"]
[SourceVersion "1"]
[SourceVersionDate "2011.11.26"]
[SourceQuality "1"]

1. d4 g6 2. Nf3 Bg7 3. g3 Nf6 4. Bg2 O-O 5. c4 d6 6. Nc3 Na6 7. O-O c5 8. h3 cxd4 9. Nxd4 Nc5 10. Be3 a6 11. Rc1 Qa5 12. a3 Qc7 13. b4 Ne6 14. Nd5 Qd8 15. Nxe6 fxe6 16. Bb6 Qd7 17. Nc7 Rb8 18. Qc2 Ne8 19. Nxe6 Rf6 20. Nxg7 Nxg7 21. Rfd1 Qf5 22. Qxf5 gxf5 23. c5 Ne8 24. cxd6 Nxd6 25. Bc7 Ra8 26. Bxd6 exd6 27. Rc7 Rb8 28. Rdc1 Rf8 29. Bd5+ Kh8 30. Re7 1-0

[Event "Toronto-B2"]
[Site "Toronto"]
[Date "2009.02.17"]
[Round "4"]
[White "Tseluiko, Oleg"]
[Black "Kleinman, Michael"]
[Result "0-1"]
[WhiteElo "1949"]
[BlackElo "2032"]
[PlyCount "96"]
[GameId "2160767910264998"]
[EventDate "2009.01.27"]
[EventType "tourn"]
[EventRounds "9"]
[EventCountry "CAN"]
[SourceTitle "EXT 2011"]
[Source "ChessBase"]
[SourceDate "2011.11.26"]
[SourceVersion "1"]
[SourceVersionDate "2011.11.26"]
[SourceQuality "1"]

1. e4 c5 2. Nf3 d6 3. Nc3 Nf6 4. d4 cxd4 5. Nxd4 a6 6. Be2 e5 7. Nb3 Be6 8. Bf3 Be7 9. O-O Qc7 10. Be3 Nbd7 11. Rc1 b5 12. g4 b4 13. Nd5 Bxd5 14. exd5 e4 15. Bg2 Qc4 16. Nd2 Qxa2 17. Nxe4 Qc4 18. b3 Qb5 19. c4 bxc3 20. Nxc3 Qb4 21. g5 Ng4 22. Bd4 h5 23. f4 Bd8 24. Re1+ Kf8 25. Na2 Qa5 26. Qe2 Bb6 27. Rc4 Bxd4+ 28. Rxd4 Qb6 29. Qe7+ Kg8 30. Red1 Qxb3 31. Qe2 Qe3+ 32. Qxe3 Nxe3 33. Rb1 Nxg2 34. Kxg2 Nc5 35. Rb6 Rd8 36. Nb4 a5 37. Nc6 Ra8 38. Ne7+ Kh7 39. Nf5 a4 40. Nxd6 a3 41. Rd1 Rhb8 42. Rxb8 Rxb8 43. Nc4 a2 44. Ra1 Rb4 45. Na5 Ra4 46. Nc4 Nb3 47. Nb2 Nxa1 48. Nxa4 Nb3 0-1

[Event "Toronto-B2"]
[Site "Toronto"]
[Date "2009.02.24"]
[Round "5"]
[White "Armstrong, Robert J"]
[Black "Chichkina, Olya"]
[Result "1/2-1/2"]
[WhiteElo "1827"]
[BlackElo "1909"]
[PlyCount "107"]
[GameId "2160767910264999"]
[EventDate "2009.01.27"]
[EventType "tourn"]
[EventRounds "9"]
[EventCountry "CAN"]
[SourceTitle "EXT 2011"]
[Source "ChessBase"]
[SourceDate "2011.11.26"]
[SourceVersion "1"]
[SourceVersionDate "2011.11.26"]
[SourceQuality "1"]

1. d4 f5 2. c4 g6 3. g3 Nf6 4. Bg2 Bg7 5. Nf3 d6 6. d5 O-O 7. O-O a5 8. Nc3 Na6 9. e4 e5 10. Ng5 Nc5 11. exf5 Bxf5 12. Be3 b6 13. Bxc5 bxc5 14. Ne6 Bxe6 15. dxe6 Rb8 16. Nd5 Re8 17. Nxf6+ Bxf6 18. Rb1 Kg7 19. Bd5 c6 20. Bxc6 Rxe6 21. Qg4 Re7 22. b3 Qc8 23. Bf3 Qxg4 24. Bxg4 e4 25. Rbd1 Bd4 26. Kg2 a4 27. Rb1 axb3 28. Rxb3 Ra8 29. a3 Ra4 30. Be2 Rea7 31. Re1 Rxa3 32. Rxa3 Rxa3 33. Bf1 Rf3 34. Re2 Kf6 35. Kg1 e3 36. fxe3 Rxe3 37. Rxe3 Bxe3+ 38. Kh1 d5 39. cxd5 Ke5 40. Bc4 Kd4 41. d6 Bg5 42. h4 Bd8 43. Bg8 h6 44. Bh7 g5 45. hxg5 hxg5 46. Kg2 Ke5 47. d7 Ke6 48. Kf3 Kxd7 49. Ke3 Kd6 50. Kd3 Kd5 51. g4 c4+ 52. Kc2 Kd4 53. Bf5 Bf6 54. Bc8 1/2-1/2